000 00824nam a22001337a 4500
040 _cRUA
082 _aAVM THY 2010 B091 Or.1
100 _aTHY, RATHA.
245 _aEffect of taro (colocasia esculenta) foliage silage and mulbrry (murus alba) eaf silage on digestibility of geowing pig with basal diet of rice bran at celagrid, ឥទ្ធិពលនៃផ្អកត្រាវ និងផ្អកស្លឹកមនលើការរំលាយអាហាររបស់ជ្រូកកំពង់លូតលាស់ដោយមានកន្ទក់ជាចំណីគ្រឹះនៅសែលអាគ្រីត.
260 _aphnom phen
_bRUA
_c2010
300 _aXI,33p.
_bill.
_c29cm.
856 _uhttps://drive.google.com/file/d/1bhpncPrZCByAiY5Nt6-yTAEdTAPAbvO3/view?usp=sharing
942 _cAVM
999 _c2378
_d2378